| 000 | 00399nam a2200133Ia 4500 | ||
|---|---|---|---|
| 008 | 210430s9999 xx 000 0 und d | ||
| 020 | _a978-0070079632 | ||
| 082 | _a660.2842 B8631 T | ||
| 100 |
_aRobert S.Brodkey, Harry C. Hershey _9127228 |
||
| 245 |
_aTransport Phenomena A Unified Approach / _cRobert S.Brodkey |
||
| 260 |
_aNew york _bMc Graw -Hill _c1993 |
||
| 300 | _a847p | ||
| 942 |
_cBK _2ddc |
||
| 999 |
_c564430 _d564430 |
||